Analýza web marketingovej stratégie diplomová práca

Na minha lista:
Detalhes bibliográficos
Autor principal: Dunčko, Radovan
Autor Corporativo: Obchodná fakulta EU. Katedra informatiky obchodných firiem
Outros Autores: Hasan, Jamal
Formato: Livro
Idioma:eslovaco
Publicado em: Bratislava 2012
Tags: Adicionar Tag
Sem tags, seja o primeiro a adicionar uma tag!

MARC

LEADER 00000nbm a2200000 4500
001 0159178
005 20161109102231.4
041 0 |a slo 
044 |a SK 
245 1 0 |a Analýza web marketingovej stratégie  |b diplomová práca  |c Radovan Dunčko ; školiteľ: Jamal Hasan 
264 1 |a Bratislava  |c 2012 
300 |a 51 s. 
100 1 |a Dunčko, Radovan 
700 1 |a Hasan, Jamal 
710 2 |a Obchodná fakulta EU. Katedra informatiky obchodných firiem